| 000 | 02772nam0a2200409 4500 | ||
|---|---|---|---|
| 001 | RU\NLR\BIBL_A\012191221 | ||
| 005 | 20200221101616.0 | ||
| 010 |
_a978-5-9961-2096-3 _9500 |
||
| 021 |
_aRU _bКН-П-19-097729 _9КН-П-19-7182 |
||
| 035 | _a(NLR Aleph) 012191221 | ||
| 035 | _a(RuMoRGB)010204527 | ||
| 090 |
_a12297594 _c12297594 |
||
| 100 | _a20200129d2019 u y0rusy50 ca | ||
| 101 | 0 | _arus | |
| 102 | _aRU | ||
| 105 | _aac||z|||000zy | ||
| 181 | 0 |
_ai _baxxe |
|
| 182 | 0 | _an | |
| 200 | 1 |
_aХимическая термодинамика. Гомогенное и гетерогенное равновесие _eучебное пособие _e[по направлениям бакалавриата "Химическая технология" и по спкцкурсу "Теоретические и экспериментальные методы исследования в химии"] _fИ. Г. Жихарева, В. В. Шмидт _gМинистерство науки и высшего образования Российской Федерации, Федеральное государственное бюджетное образовательное учреждение высшего образования "Тюменский индустриальный университет" |
|
| 203 |
_aТекст _bвизуальный _cнепосредственный |
||
| 210 |
_aТюмень _cТИУ _d2019 |
||
| 215 |
_a128 с. _cил., портр., табл. _d21 |
||
| 320 | _aБиблиогр.: с. 127-128 (24 назв.) | ||
| 517 | 1 | _aГомогенное и гетерогенное равновесие | |
| 606 | 1 |
_aХимическая термодинамика _jУчебные издания для высших учебных заведений _91264206 _3RU\NLR\AUTH\66201862 |
|
| 606 | 1 |
_aГетерогенные системы _jУчебные издания для высших учебных заведений _xРавновесие _9958670 _3RU\NLR\AUTH\6638740 |
|
| 606 | 1 |
_aГомогенные системы _jУчебные издания для высших учебных заведений _xРавновесие _9927287 _3RU\NLR\AUTH\66340823 |
|
| 606 | 1 |
_aРастворы (хим.) _jУчебные издания для высших учебных заведений _9954051 _3RU\NLR\AUTH\6636310 |
|
| 686 | 1 | _aГ53я73-1 | |
| 686 | 1 | _aГ562я73-1 | |
| 700 | 1 |
_aЖихарева _bИ. Г. _gИрина Георгиевна |
|
| 701 | 1 |
_7ca _8rus _aШмидт _bВ. В. _cканд. хим. наук _gВадим Владимирович _924514 _3RU\NLR\AUTH\7741566 |
|
| 942 | _cBOOK | ||
| 980 | _aNBR | ||
| 980 | _aNB | ||